EPIC The Musical : Warrior of the Mind - Statistiques

Statistiques générales
  • Ce quiz a été pris 125 fois
  • Le résultat moyen est 298 sur 354
Statistiques - réponses
Hint Réponse % Correct
for
99%
you
99%
you?
99%
Odysseus You
99%
| Athena & Odysseus a
97%
A
97%
go!
96%
I
96%
the
96%
your
96%
| Athena Have
95%
have
95%
war
95%
Odysseus Athena!
94%
| Choir Athena
94%
be
94%
do
94%
| Athena | Odysseus Maybe
94%
maybe
94%
me
94%
me,
94%
of
94%
| Athena one
94%
One
94%
warrior
94%
are
92%
is
92%
Let
92%
My
92%
my
92%
| Athena see
92%
day
91%
Goddess
91%
goddess
91%
he
91%
He
91%
know
91%
mind
91%
to
91%
we
91%
We
91%
don't
90%
Don't
90%
how
90%
Athena How
90%
Odysseus Let's
90%
let's
90%
Master
90%
| Odysseus Show
90%
can
88%
forgotten
88%
I'll
88%
lessons
88%
| Athena you're
88%
yourself
88%
And
87%
and
87%
arena
87%
honest,
87%
in
87%
Odysseus Nah,
87%
remind
87%
So
87%
we'll
87%
Athena Well
87%
We'll
87%
best
86%
spell?
86%
This
86%
this
86%
life
85%
mentor,
85%
mission
85%
name?
85%
not
85%
same
85%
Odysseus Badass
83%
boy
83%
fell
83%
Odysseus Ha-ha,
83%
modest,
83%
skill
83%
but
82%
first
82%
game
82%
has
82%
If
82%
play
82%
two
82%
what's
82%
greatest
81%
looking
81%
make
81%
taught
81%
through
81%
try,
81%
watching
81%
wisdom
81%
bluff
79%
challenge,
79%
Create
79%
follow
79%
had
79%
Athena Nice
79%
tomorrow
79%
was
79%
done,
78%
teach
78%
heart?
77%
man,
77%
seen
77%
we've
77%
greater
76%
warriors
76%
came
74%
friends
74%
him
74%
kill
74%
lying,
74%
test
74%
them
74%
forget
73%
he'll
73%
it
73%
'Cause
72%
sure
72%
Then
72%
will
72%
designed
71%
I've
71%
only
71%
plan,
71%
that
71%
as
69%
could
69%
from
69%
Odysseus like
69%
off
69%
queen
69%
answer
68%
change
68%
reach
68%
strategies
68%
thrill
68%
time's
68%
changing
67%
magic
67%
purpose?
67%
where
67%
world
67%
Sounds
65%
problem,
64%
they'll
64%
turn
64%
build
63%
whose
63%
bestest
62%
ends
62%
kind
62%
Okay
62%
special
62%
Odysseus & Choir Unmatched,
62%
boar
60%
skills
59%
there's
59%
very
59%
enlighten
56%
behind
55%
disappoint
55%
Ha-Ha-Ha-Ha
55%
his
54%
their
54%
fall
53%
own
46%
Odysseus witty,
44%
rivaled
42%
boar's
41%
well-spent
35%
Athena still
32%
intend
31%
Aucun quiz correspondant
Distribution des résultats
% des personnes avec chaque résultat
Percentile par nombre de réponses
Votre historique - résultats
Vous n’avez pas pris ce quiz